000
00209 a2200097 4500
001
48250
100
_a
Manzoor H
245
_a
Iqbal our Baz Dosray Shair
260
_a
Lahore
_b
N B F
_c
090
_c
31205
_d
31205
942
_a
NUST-CAE
_c
M
_c
23565
999
_c
283323
_d
283323